| 000 | 00745nam a22002177a 4500 | ||
|---|---|---|---|
| 005 | 20250225161618.0 | ||
| 010 | _aENG-143833 | ||
| 020 |
_c450.00 _a9789364444798 |
||
| 035 | _aEN-127365 | ||
| 037 | _bDBAD | ||
| 082 |
_a641.405 _23 Eddition |
||
| 100 |
_aHasnain Nadeem _978734 |
||
| 245 |
_aIndian Society Themes And Social Issues/ _cBy Nadeem Hussain [and] Aseem Hasnain |
||
| 250 | _aThird Eddition | ||
| 260 |
_aKolkata _bMc Graw Hill _c2025 |
||
| 270 |
_a163F Jaigirghat Road , Panchanantala _bKolkata _e700063 |
||
| 300 |
_a333pg. _c24cm(pb) |
||
| 500 | _aFor Civil Services And Other State Services Examination | ||
| 700 |
_961951 _aHasnain, Aseem _eAuthor |
||
| 942 |
_2ddc _cEN _mHAS _h641.405 _e3rd Eddition |
||
| 999 |
_c209193 _d209193 |
||